[Event "Regency Masters 3rd"]
[Site "Ramsgate"]
[Date "1981.12.10"]
[Round "6.10"]
[White "Hodgson, Julian M"]
[Black "Van der Sterren, Paul"]
[Result "1-0"]
[WhiteElo "2370"]
[BlackElo "2420"]
[PlyCount "83"]
[EventDate "1981.12.05"]
[EventType "swiss"]
[EventRounds "9"]
[EventCountry "ENG"]
[SourceVersionDate "2021.08.26"]

1. e4 d6 2. Nc3 g6 3. f4 Bg7 4. Nf3 c5 5. Bc4 Nc6 6. O-O Nf6 7. d3 O-O 8. Qe1
Nd4 9. Nxd4 cxd4 10. Nd5 Nxd5 11. Bxd5 e6 12. Bb3 Kh8 13. Bd2 Bd7 14. a4 a5 15.
Kh1 (15. Rf2 Qb6 16. Re2 Qc7 17. Qh4 {Robson,R (2596)-Le,Q (2714), Moscow
Aeroflot 2012 (1-0, 44)}) 15... f5 16. Qg3 Re8 17. Rae1 Qc7 18. Rf2 Bf6 19.
Rfe2 fxe4 20. Rxe4 d5 21. R4e2 Qd6 22. Qf2 b5 23. axb5 Bxb5 24. Re5 $5 Qb6 $4 (
24... a4 25. Ba2 a3 $15) 25. Bc3 $1 $16 Bxe5 26. Rxe5 Kg8 27. Bxd4 Qb7 28. Qe1
(28. f5 $1) 28... Qf7 29. Qe3 a4 30. Ba2 Bc6 31. h4 h5 (31... h6) 32. Rg5 Kh7
33. Qe5 (33. c4 $5 {Stockfish 14}) 33... Rg8 34. Qd6 Raf8 $2 (34... Rad8 $1 35.
Qe5 (35. Qxc6 $140 Qxf4 36. Be5 Qxh4+ 37. Kg1 Qe1+ 38. Kh2 Qh4+ 39. Kg1 $11
Qxg5 $140 $4 40. Qc7+ Kh6 41. Bf4 $18) 35... Rdf8 $11) 35. f5 $1 $16 Bd7 (35...
gxf5 $5 36. Qxc6 Rc8 37. Qd6 Rxc2 38. Be5 $16) 36. fxg6+ (36. Bxd5 $5 $18)
36... Rxg6 37. Rxg6 $2 (37. Rxh5+ $1 Rh6 38. Rxh6+ Kxh6 39. Bxd5 $18) 37...
Kxg6 38. Bxd5 Kh6 $2 (38... Qf1+ $1 39. Bg1 (39. Kh2 $2 Qf4+ 40. Qxf4 Rxf4 41.
Be4+ Rxe4 42. dxe4 Bc6 $11) 39... Rf4 40. Be4+ Rxe4 41. dxe4 Qf6 42. Qg3+ $16)
39. Bf3 $18 Be8 40. Qe5 Qe7 41. Kg1 Bg6 42. Bc5 1-0

[Event "Regency Masters 3rd"]
[Site "Ramsgate"]
[Date "1981.12.10"]
[Round "6.11"]
[White "Hanreck, Alan E"]
[Black "Plaskett, H James"]
[Result "0-1"]
[WhiteElo "2275"]
[BlackElo "2410"]
[PlyCount "136"]
[EventDate "1981.12.05"]
[EventType "swiss"]
[EventRounds "9"]
[EventCountry "ENG"]
[SourceVersionDate "2021.08.26"]

1. c4 b6 2. Nf3 Nf6 3. g3 c5 4. Bg2 Bb7 5. O-O e6 6. Nc3 Be7 7. d4 cxd4 8. Qxd4
d6 9. b3 a6 10. Bb2 O-O 11. Rfd1 Nbd7 12. h3 Qc7 13. Qe3 Rfe8 14. Rac1 Rac8 15.
Nd4 Bf8 16. Ne4 Nxe4 17. Bxe4 Nc5 18. Bxb7 Qxb7 19. b4 Nd7 20. Qf3 Qc7 21. Qa3
Ne5 22. Qxa6 Nxc4 23. Ba1 $2 (23. e4 $11) 23... d5 $17 24. Qa4 Ra8 25. Qb3 Qd7
26. Nc2 Qa7 (26... b5 $1 27. e4 $140 e5 $1 $36) 27. e4 $1 Red8 28. exd5 exd5
29. Ne3 $11 Nxe3 30. Qxe3 b5 31. Bd4 Qxa2 32. Rc7 (32. Bc5 $11) 32... Rac8 33.
Ra7 (33. Rxf7 $5 Kxf7 34. Ra1 Qc2 (34... Qxa1+ 35. Bxa1 $11) 35. Ra7+ Kg8 36.
Rxg7+ Bxg7 37. Qe6+ Kf8 38. Bxg7+ Kxg7 39. Qe7+ $11) 33... Qc2 34. Qf3 Qg6 35.
Rda1 (35. Rb7 $11) 35... Bxb4 36. R1a6 Bd6 37. Qxd5 $2 (37. Rb7 b4 38. Bc5 $1
$11) 37... Bf8 $1 $17 38. Qe5 $2 (38. Qb7 Qf5 $17) 38... Qb1+ (38... Qd3 $1 $19
) 39. Kh2 Qd3 40. Ba1 $2 (40. Be3 Re8 41. Qf4 Qd5 $17) 40... Qd5 (40... Rd5 41.
Qe1 Qf3 $19) 41. Qxd5 Rxd5 42. Kg2 Rd2 43. Ra2 Rxa2 44. Rxa2 Rc4 45. Rd2 b4 46.
Rd8 f6 47. Kf3 Kf7 48. Rd2 Ke6 49. Bb2 Bd6 50. Ke3 Rc7 51. f4 Rd7 52. Rc2 Rc7
53. Rd2 Rd7 54. Rc2 Kd5 55. Kd3 Bc5 56. Re2 Re7 $19 57. Rxe7 Bxe7 58. g4 Bd6
59. Bc1 g6 60. Bd2 b3 61. Bc1 f5 62. gxf5 gxf5 63. Bd2 b2 64. Kc2 Ke4 65. Kxb2
Bxf4 66. Be1 Kd3 67. Kb3 Be3 68. Kb4 Bd2+ 0-1

[Event "Regency Masters 3rd"]
[Site "Ramsgate"]
[Date "1981.12.10"]
[Round "6.12"]
[White "Leverett, Bruce W"]
[Black "Casa, Alex"]
[Result "1-0"]
[WhiteElo "2245"]
[BlackElo "2235"]
[PlyCount "93"]
[EventDate "1981.12.05"]
[EventType "swiss"]
[EventRounds "9"]
[EventCountry "ENG"]
[SourceVersionDate "2021.08.26"]

1. d4 Nf6 2. c4 g6 3. Nc3 Bg7 4. e4 d6 5. Nf3 O-O 6. Be2 e5 7. O-O Nc6 8. d5
Ne7 9. Ne1 Nd7 10. f3 f5 11. g4 f4 12. Nd3 Nf6 13. h4 c6 14. a4 cxd5 15. cxd5
Kh8 16. Bd2 Neg8 17. Kg2 h5 18. g5 Nh7 19. Be1 $16 Nxg5 $5 20. hxg5 Qxg5+ 21.
Kh1 Qf6 22. Rf2 Rf7 23. Rh2 Bf8 24. Rc1 a6 25. a5 Bd7 26. Na4 Bb5 27. Nb6 Re8
28. Nb4 Bxe2 29. Qxe2 Rh7 30. Qg2 g5 31. Qh3 Ree7 (31... g4 $5) 32. Rcc2 {
('Rc2')} Reg7 $2 (32... g4 $1) 33. Qe6 $18 Qxe6 34. dxe6 Rg6 35. Rc8 Be7 36.
N4d5 Kg7 37. Rc7 Rxe6 38. Bb4 Kg6 39. Rxb7 Rf7 40. Rc2 g4 41. Rcc7 gxf3 42. Nc8
Rg7 43. Ncxe7+ Nxe7 44. Nxe7+ Kh7 45. Nf5 Rxc7 46. Rxc7+ Kh8 47. Bxd6 1-0

[Event "Regency Masters 3rd"]
[Site "Ramsgate"]
[Date "1981.12.10"]
[Round "6.13"]
[White "Manouck, Thierry"]
[Black "Bohm, Hans"]
[Result "1-0"]
[WhiteElo "2400"]
[BlackElo "2390"]
[PlyCount "69"]
[EventDate "1981.12.05"]
[EventType "swiss"]
[EventRounds "9"]
[EventCountry "ENG"]
[SourceVersionDate "2021.08.26"]

1. c4 c6 2. Nf3 d5 3. e3 e6 4. b3 f5 5. Be2 Nf6 6. O-O Be7 (6... Bd6) 7. Ba3
O-O 8. Qc1 a5 9. Bxe7 Qxe7 10. Qb2 Nbd7 11. d4 Ne4 12. Nbd2 g5 13. Rad1 b6 14.
Ne5 Nxe5 15. dxe5 Nxd2 16. Rxd2 Bb7 17. Rfd1 Rfc8 18. h3 Rc7 19. a3 Rf8 20. Bf3
Qg7 21. g3 f4 22. exf4 gxf4 23. g4 Rd7 24. b4 axb4 25. axb4 $16 d4 26. Rxd4
Qxe5 27. c5 $1 bxc5 28. bxc5 h5 29. Qb4 Rxd4 30. Qxd4 Qxd4 31. Rxd4 hxg4 32.
hxg4 e5 (32... Kg7 33. Rd7+ Rf7 34. Rxf7+ Kxf7 35. Be4 Kf6 36. Kg2 Kg5 37. Kf3
e5 38. Bf5 Kf6 39. Ke4 Ba6 40. g5+ Kxg5 41. Kxe5 $18) (32... Rf7 33. Be4 Kf8
34. Kg2 $18) 33. Rd6 Ra8 34. Kg2 Ra1 35. Rd8+ 1-0

[Event "Regency Masters 3rd"]
[Site "Ramsgate"]
[Date "1981.12.10"]
[Round "6.14"]
[White "Flear, Glenn C"]
[Black "Regan, Kenneth"]
[Result "0-1"]
[WhiteElo "2385"]
[BlackElo "2405"]
[PlyCount "60"]
[EventDate "1981.12.05"]
[EventType "swiss"]
[EventRounds "9"]
[EventCountry "ENG"]
[SourceVersionDate "2021.08.26"]

1. d4 Nf6 2. c4 e6 3. Nc3 Bb4 4. e3 O-O 5. Bd3 Nc6 6. Nge2 e5 7. d5 e4 8. Bb1
Ne5 9. O-O Nfg4 $5 10. Nxe4 (10. h3 f5 $5 $13) 10... Nxh2 11. Kxh2 Qh4+ 12. Kg1
Ng4 13. Re1 Bxe1 14. Qxe1 Qh2+ 15. Kf1 Qh1+ 16. Ng1 Nh2+ 17. Ke2 Qxg2 18. Ng3 (
18. Nd2 $14 {Stockfish 14}) 18... Re8 19. Bd2 (19. d6 $1 $14 {Stockfish 14})
19... d6 20. Bc3 Bg4+ (20... f5 $5) 21. Kd3 b5 22. b3 bxc4+ 23. bxc4 (23. Kc2
f5 $17) 23... c6 24. e4 $2 cxd5 $19 25. cxd5 f5 26. Kc4 Rec8+ 27. Kb3 Rab8+ 28.
Kc2 Nf3 29. Nxf3 Qxf3 30. a4 Rxc3+ 0-1

[Event "Regency Masters 3rd"]
[Site "Ramsgate"]
[Date "1981.12.10"]
[Round "6.16"]
[White "Kuligowski, Adam"]
[Black "Nykopp, Jan Michael F"]
[Result "1-0"]
[WhiteElo "2405"]
[BlackElo "2260"]
[PlyCount "75"]
[EventDate "1981.12.05"]
[EventType "swiss"]
[EventRounds "9"]
[EventCountry "ENG"]
[SourceVersionDate "2021.08.26"]

1. d4 Nf6 2. c4 e6 3. g3 Bb4+ 4. Bd2 a5 5. Bg2 O-O 6. Nf3 b6 7. O-O Bb7 8. Bf4
Be7 9. Nc3 Ne4 10. Qc2 Nxc3 11. Qxc3 Be4 12. Rfd1 Na6 13. Rac1 Bf6 14. a3 Qe7
15. Qe3 Bb7 16. h4 d6 17. Bg5 Rae8 18. Qd3 Bxf3 $6 19. Bxf6 Qxf6 20. Bxf3 $16
Nb8 21. b4 axb4 22. axb4 e5 23. c5 bxc5 24. dxc5 dxc5 25. Rxc5 Rd8 26. Qb1
Rxd1+ 27. Qxd1 Qb6 28. Qa4 $18 Qd6 29. Qa5 c6 30. Rxe5 Nd7 31. Re3 Qf6 32. Qc7
Nb8 33. Ra3 Qb2 34. Ra7 Qxb4 35. Rb7 Qe1+ 36. Kg2 Na6 37. Qxc6 Nb4 38. Qc4 1-0

[Event "Regency Masters 3rd"]
[Site "Ramsgate"]
[Date "1981.12.10"]
[Round "6.17"]
[White "Patrick, David I"]
[Black "Van Parreren, Hanneke"]
[Result "1-0"]
[WhiteElo "2275"]
[BlackElo "2040"]
[PlyCount "77"]
[EventDate "1981.12.05"]
[EventType "swiss"]
[EventRounds "9"]
[EventCountry "ENG"]
[SourceVersionDate "2021.08.26"]

1. e4 d6 2. d4 Nf6 3. Nc3 g6 4. Nge2 Bg7 5. g3 O-O 6. Bg2 Nbd7 7. h3 c5 8. O-O
a6 9. Re1 Rb8 10. Be3 Qc7 (10... b6) 11. Nd5 Nxd5 12. exd5 c4 13. Qd2 Re8 (
13... b5 $11) 14. Bh6 Bh8 15. g4 b5 16. Ng3 Nb6 17. Qe3 b4 $6 (17... Bb7 $142
18. Nf5 e6 $15) 18. Nf5 Bxf5 19. gxf5 Qd7 20. fxg6 hxg6 21. Be4 e6 22. dxe6
Qxe6 $2 (22... Rxe6 $1 $17) 23. Bc6 Qxe3 24. fxe3 Rec8 $2 (24... Re6 $11) 25.
Bf3 Re8 26. Bf4 Rbd8 27. Bg5 Rb8 28. h4 $16 Bg7 29. Kf2 Kh7 30. Bf4 Rbd8 31. h5
Rh8 32. hxg6+ fxg6 33. Rh1+ Kg8 34. Rag1 Rxh1 35. Bxh1 Kf7 36. Be4 Nc8 $2 (
36... Bf6 37. Bxg6+ Ke7 38. Be4 $16) 37. Bd5+ Kf8 38. Bxc4 a5 39. Rxg6 1-0

[Event "Regency Masters 3rd"]
[Site "Ramsgate"]
[Date "1981.12.10"]
[Round "6.18"]
[White "Friedgood, David"]
[Black "Pliester, Leon"]
[Result "1-0"]
[WhiteElo "2315"]
[BlackElo "2330"]
[PlyCount "87"]
[EventDate "1981.12.05"]
[EventType "swiss"]
[EventRounds "9"]
[EventCountry "ENG"]
[SourceVersionDate "2021.08.26"]

1. c4 e5 2. Nc3 f5 3. d4 exd4 4. Qxd4 Nf6 5. g3 Nc6 6. Qe3+ Be7 7. Bg2 O-O 8.
Nh3 Bb4 9. O-O d6 10. Qd3 $14 (10. Nf4 $14) 10... Ne5 11. Qc2 Kh8 12. Nd5 Nxd5
13. cxd5 Bc5 14. Bg5 Qe8 15. Bd2 a5 16. Bc3 Ng6 17. Nf4 Bd7 18. b3 Rf7 19. a3
Nxf4 20. gxf4 Bb5 21. Rfe1 Re7 22. e3 Qh5 23. b4 Bb6 24. a4 Be8 25. b5 Bc5 26.
Kh1 b6 27. Rg1 Bg6 28. Rae1 Rf8 29. Bf1 Qf3+ 30. Bg2 Qh5 31. h3 Rff7 32. Kh2
Kg8 33. Bf1 Kf8 34. Rg3 Ke8 35. Be2 (35. h4 $1 {Stockfish 14} Re4 36. Rh3 Rfe7
37. Bg2 Bf7 38. Bf3 Qh6 39. Bxe4 $18) 35... Qh4 36. Bd3 Kd8 37. Reg1 Re8 38.
Qb2 Qe7 39. Rg5 Rg8 40. R1g3 Rff8 41. h4 Qf7 42. h5 Qxd5 43. hxg6 h6 44. e4 1-0

[Event "Regency Masters 3rd"]
[Site "Ramsgate"]
[Date "1981.12.10"]
[Round "6.19"]
[White "Povah, Nigel Edward"]
[Black "Da Cunha, Marcos Paolozzi"]
[Result "0-1"]
[WhiteElo "2375"]
[BlackElo "2325"]
[PlyCount "134"]
[EventDate "1981.12.05"]
[EventType "swiss"]
[EventRounds "9"]
[EventCountry "ENG"]
[SourceVersionDate "2021.08.26"]

1. d4 Nf6 2. c4 c5 3. d5 g6 4. Nc3 Bg7 5. e4 d6 6. f3 O-O 7. Bg5 e6 8. Qd2 exd5
9. cxd5 Re8 10. Nge2 Qa5 11. a4 a6 12. Ra3 Nfd7 13. Ng3 Qb4 14. Be2 Bd4 15. Qc2
c4 16. Bd2 Ne5 17. Nd1 Qc5 18. f4 Ned7 19. Be3 Nf6 20. O-O Bxe3+ 21. Nxe3 Nxd5
22. exd5 (22. Qxc4 Nxe3 23. Qxc5 dxc5 24. Rxe3 $14) 22... Rxe3 23. Rxe3 $5 (23.
Qxc4 Qxc4 24. Bxc4 Rxa3 25. bxa3 $11) 23... Qxe3+ 24. Kh1 b5 25. f5 $5 Qe5 (
25... Nd7 $1 $17) 26. Bg4 $44 (26. Bh5 $5 {Stockfish 14}) 26... Nd7 27. Qd2 Qg7
28. fxg6 hxg6 29. Bxd7 Bxd7 30. Ne4 (30. Qf4 $44) 30... f5 31. Ng5 Re8 32. axb5
axb5 33. Ra1 Qe5 34. Nf3 Qe3 35. Qb4 Qc5 36. Qd2 Re3 37. h3 c3 (37... b4 $1)
38. Ra8+ Kg7 39. bxc3 Rxc3 $2 40. Qg5 $2 (40. Rd8 $3 $18) 40... Qe3 $11 41. Qh4
Bc8 42. Qb4 Qc5 $2 43. Ra7+ Kf8 44. Qa5 $2 (44. Qh4 $3 $18) 44... Ke8 45. Rh7
Rxf3 $1 $11 46. gxf3 Qc1+ 47. Kg2 Qc2+ 48. Kf1 Qd3+ 49. Kf2 Qc2+ 50. Ke1 Qc1+
51. Ke2 Qc4+ 52. Kd2 Qxd5+ 53. Kc2 Qc4+ 54. Qc3 Be6 55. Kd2 Qf4+ 56. Kd1 Qc4
57. Kd2 Qf4+ 58. Kc2 Qh2+ 59. Qd2 Bb3+ 60. Kc1 Qe5 61. Kb1 f4 62. Qa5 Qf5+ 63.
Kb2 Qc2+ 64. Ka3 Qc1+ 65. Kxb3 $4 (65. Kb4 $1 $11) 65... Qb1+ 66. Ka3 Qa1+ 67.
Kb4 Qb2# 0-1

[Event "Regency Masters 3rd"]
[Site "Ramsgate"]
[Date "1981.12.10"]
[Round "6.20"]
[White "Nokes, Roger I"]
[Black "Formanek, Edward W"]
[Result "1-0"]
[WhiteElo "2315"]
[BlackElo "2370"]
[PlyCount "61"]
[EventDate "1981.12.05"]
[EventType "swiss"]
[EventRounds "9"]
[EventCountry "ENG"]
[SourceTitle "BritBase"]
[Source "John Saunders"]
[SourceDate "2020.09.07"]
[SourceVersion "1"]
[SourceVersionDate "2020.09.07"]
[SourceQuality "2"]

1. e4 e5 2. Bc4 Nf6 3. d3 c6 4. Nf3 d5 5. exd5 (5. Bb3) 5... cxd5 6. Bb3 Bb4+
7. Bd2 (7. c3) 7... Bxd2+ 8. Qxd2 Nc6 9. Nc3 O-O 10. O-O-O Rb8 (10... d4 $15)
11. d4 e4 12. Ne5 Qd6 13. Rhg1 b5 14. Nxc6 Qxc6 15. Qf4 Ba6 16. g4 $1 $36 b4
17. g5 Nh5 18. Nxd5 $1 $16 (18. Qh4 $2 bxc3 19. Qxh5 cxb2+ 20. Kb1 g6 $19)
18... Nxf4 19. Ne7+ Kh8 20. Nxc6 Rb6 (20... Rbc8) 21. Ne5 Ne2+ 22. Kd2 $1 Nxg1
23. Rxg1 Rb7 (23... f6 24. Nd7 $18) 24. Rg4 $18 Re7 25. Rxe4 Kg8 26. f4 Bb5 27.
c4 bxc3+ 28. bxc3 Rd8 29. f5 Be8 30. g6 hxg6 31. fxg6 1-0

[Event "Regency Masters 3rd"]
[Site "Ramsgate"]
[Date "1981.12.10"]
[Round "6.21"]
[White "Britton, Richard L"]
[Black "Iskov, Gert"]
[Result "1-0"]
[WhiteElo "2295"]
[BlackElo "2420"]
[PlyCount "91"]
[EventDate "1981.12.05"]
[EventType "swiss"]
[EventRounds "9"]
[EventCountry "ENG"]
[SourceVersionDate "2021.08.26"]

1. e4 d5 2. exd5 Qxd5 3. Nc3 Qa5 4. d4 Nf6 5. Nf3 Nc6 6. Bd2 a6 7. Bc4 Qb6 8.
Na4 Qa7 9. d5 b5 10. Bb3 bxa4 11. Bxa4 Bd7 12. dxc6 Bg4 13. h3 Bxf3 14. Qxf3 e6
15. c3 Qc5 16. O-O Bd6 17. Rfe1 O-O 18. b4 Qd5 19. Qxd5 Nxd5 20. a3 a5 21. Bb3
Rfb8 22. Bxd5 exd5 23. Reb1 a4 24. Be3 Rb5 25. Rc1 Re8 26. c4 dxc4 27. Rxc4 Rd5
28. Kf1 Rd3 29. b5 f6 30. Rxa4 Rb3 31. Ra5 Re4 32. Rd1 Rc4 33. a4 Kf7 34. Ra8
Ke7 35. g4 Rbb4 36. Ra1 Be5 37. Ra2 g5 38. Kg2 Ke6 39. Re8+ Kf7 40. Rh8 Kg7 41.
Ra8 h5 42. gxh5 g4 43. h6+ Kh7 44. hxg4 Rxg4+ 45. Kf3 Rgc4 46. a5 1-0

[Event "Regency Masters 3rd"]
[Site "Ramsgate"]
[Date "1981.12.10"]
[Round "6.22"]
[White "Fischdick, Gisela"]
[Black "De Boer, Gert Jan"]
[Result "1-0"]
[WhiteElo "2220"]
[BlackElo "2270"]
[PlyCount "79"]
[EventDate "1981.12.05"]
[EventType "swiss"]
[EventRounds "9"]
[EventCountry "ENG"]
[SourceVersionDate "2021.08.26"]

1. e4 c5 2. Nf3 e6 3. d4 cxd4 4. Nxd4 Nf6 5. Nc3 d6 6. f4 a6 7. Bd3 Qc7 8. Qf3
b5 9. O-O Bb7 10. Be3 Nbd7 11. a3 Nb6 (11... Be7) (11... Nc5) 12. Qe2 Rc8 13.
Ndxb5 $5 (13. a4 $1 $16) 13... axb5 14. Nxb5 Qd8 15. Na7 (15. e5 $5) 15... Ra8
16. Bb5+ Nfd7 17. Qf2 Nc8 18. f5 e5 19. f6 (19. Nc6 $44) 19... gxf6 (19... Qxf6
20. Qe2 Qe6 21. Bc4 d5 $13) 20. Nc6 Bxc6 (20... Qc7 21. Nxe5 $5 $13 {Stockfish
14}) 21. Bxc6 Rb8 22. b4 Be7 $6 (22... Bg7 $142) 23. Qg3 Qc7 24. b5 Na7 25. Qg7
Rf8 26. Bxd7+ Qxd7 27. a4 $44 Nc8 28. Bh6 Kd8 29. Qxh7 Re8 30. Qxf7 Qg4 31. Qd5
Nb6 32. Qd3 Rg8 33. g3 Qh3 34. Bd2 Nd7 $2 (34... d5 $1) 35. Bb4 Rc8 36. a5 $1
$16 Rc4 37. c3 f5 $2 (37... d5 $142) 38. Rxf5 Bh4 39. Rf3 d5 40. Qxd5 1-0

[Event "Regency Masters 3rd"]
[Site "Ramsgate"]
[Date "1981.12.11"]
[Round "7.1"]
[White "Miles, Anthony John"]
[Black "Fedorowicz, John P"]
[Result "1-0"]
[WhiteElo "2565"]
[BlackElo "2465"]
[PlyCount "45"]
[EventDate "1981.12.05"]
[EventType "swiss"]
[EventRounds "9"]
[EventCountry "ENG"]
[SourceTitle "BritBase"]
[Source "John Saunders"]
[SourceDate "2020.09.07"]
[SourceVersion "1"]
[SourceVersionDate "2020.09.07"]
[SourceQuality "2"]

1. g3 Nf6 2. Bg2 g6 3. e4 d6 4. d4 Bg7 5. Ne2 O-O 6. O-O e5 7. h3 exd4 8. Nxd4
Nc6 (8... Re8) 9. Be3 Re8 10. Nc3 Bd7 11. Kh2 (11. Re1 a6 12. a4 Nb4 13. g4 h5
14. g5 Nh7 15. f4 {Sosa,T (2541)-Movsziszian,K (2474), Benasque 2021 (1-0, 44)}
) 11... a6 12. Qd2 Na5 13. b3 c5 14. Nde2 Bc6 15. Rad1 Bf8 $2 (15... Nxe4 16.
Nxe4 Bxe4 17. Bxe4 Rxe4 18. Bxc5 Nc6 19. Be3 d5 20. c3 Qe7 21. Nf4 d4 22. cxd4
Nxd4 23. Bxd4 Rxd4 24. Qc2 Rad8 {½-½, Ivanchuk,V (2700)-Nunn,J (2630),
Melody Amber Blindfold 1995}) 16. Bg5 h6 (16... b5 17. Qf4 $18) 17. Bxh6 Bxh6
18. Qxh6 Nxe4 19. Nxe4 (19. Bxe4 Bxe4 20. Nf4 Bf3 21. Rd3 Bc6 22. g4 $18) 19...
Bxe4 20. Nf4 Bxg2 (20... Qf6) 21. Kxg2 Qd7 22. Rd5 $18 Re5 23. Rfd1 {Sources:
bulletin; BCM, Feb 1982, p68} 1-0

[Event "Regency Masters 3rd"]
[Site "Ramsgate"]
[Date "1981.12.11"]
[Round "7.2"]
[White "Kovacevic, Vlatko"]
[Black "Berg, Klaus"]
[Result "1-0"]
[WhiteElo "2485"]
[BlackElo "2295"]
[PlyCount "103"]
[EventDate "1981.12.05"]
[EventType "swiss"]
[EventRounds "9"]
[EventCountry "ENG"]
[SourceVersionDate "2021.08.26"]

1. d4 d5 2. Nf3 c5 3. e3 Nc6 4. Bb5 e6 5. O-O Nf6 6. Nc3 Be7 (6... Bd7 7. a3
Bd6 8. dxc5 Bxc5 9. Bd3 O-O 10. e4 dxe4 11. Nxe4 Nxe4 12. Bxe4 h6 13. b4 Be7
14. Bb2 Rc8 15. c4 b6 16. Rc1 {½-½, Kovacevic,V (2520)-Sermek,D (2515),
Makarska 1995}) 7. dxc5 Bxc5 8. e4 a6 9. Bd3 dxe4 $6 (9... d4 $11) 10. Nxe4
Nxe4 11. Bxe4 Qxd1 12. Rxd1 Bd7 13. a3 f6 14. b4 Bb6 15. Nd2 f5 $6 16. Nc4 Bc7
17. Bf3 Ne5 18. Bxb7 $1 Ra7 19. Bd5 $1 $16 exd5 20. Nxe5 Bxe5 21. Re1 Ba4 22.
Rxe5+ Re7 23. Bb2 Rxe5 24. Bxe5 Kf7 (24... Bxc2 $4 25. Rc1 $18) 25. c3 Re8 26.
f4 g5 27. g3 gxf4 28. gxf4 Rg8+ 29. Kf2 Ke6 30. Re1 Bc2 31. Re3 Rg6 32. Rh3 h6
33. Ke3 Bd1 (33... Kd7 {, 34...Kc6}) 34. Kd4 h5 35. a4 Rg2 36. a5 Be2 37. Kc5
Bg4 38. Rh4 Be2 39. Bd4 Rg8 40. Rh3 Rc8+ 41. Kb6 Kd7 42. Be5 Rc6+ 43. Kb7 Rg6
44. b5 $1 Bxb5 45. Rxh5 $18 Ke6 46. Rh8 Kf7 47. h4 Re6 48. h5 Re7+ 49. Kb6 Rxe5
(49... Re6+ 50. Kc5 $18) 50. fxe5 Kg7 51. Rd8 f4 52. Rd6 1-0

[Event "Regency Masters 3rd"]
[Site "Ramsgate"]
[Date "1981.12.11"]
[Round "7.3"]
[White "Kosten, Anthony C"]
[Black "Hebden, Mark L"]
[Result "0-1"]
[WhiteElo "2315"]
[BlackElo "2315"]
[PlyCount "106"]
[EventDate "1981.12.05"]
[EventType "swiss"]
[EventRounds "9"]
[EventCountry "ENG"]
[SourceTitle "BritBase"]
[Source "John Saunders"]
[SourceDate "2020.09.07"]
[SourceVersion "1"]
[SourceVersionDate "2020.09.07"]
[SourceQuality "2"]

1. e4 e5 2. Nf3 Nc6 3. Bb5 a6 4. Ba4 Nf6 5. O-O Be7 6. Re1 b5 7. Bb3 O-O 8. d4
d6 (8... Nxd4 9. Nxd4 (9. Bxf7+ $5 Rxf7 10. Nxe5 Rf8 11. Qxd4 {Nepomniachtchi,
I (2773)-Aronian,L (2762), Moscow 2019 (1-0, 72)}) 9... exd4 10. e5 Ne8 11.
Qxd4 Bb7 12. c4 bxc4 13. Qxc4 {Carlsen,M (2693)-Leko,P (2738), Dortmund 2007 
(½-½, 29)}) 9. c3 Bg4 10. Be3 exd4 11. cxd4 d5 12. e5 Ne4 13. h3 Bh5 14. g4 (
14. Nc3 $11) 14... Bg6 15. Nh2 Bb4 16. f3 Qh4 (16... Bxe1 17. Qxe1 Ng5 18. Nc3
Ne6 $15) 17. Re2 Ne7 (17... Rad8 $5 $15 {Stockfish 14}) 18. Qf1 $2 (18. Qc1 $1
c5 19. fxe4 Bxe4 20. Bf2 Qxh3 21. Qf1 $13 {Stockfish 14}) 18... Ng3 19. Bf2
Nxe2+ 20. Qxe2 Qxh3 $19 21. Nc3 Bxc3 22. bxc3 h5 23. Qe3 hxg4 24. Nxg4 a5 25.
Re1 a4 26. Bd1 Nf5 27. Qf4 Nh6 28. Bg3 Nxg4 29. fxg4 Be4 30. Bf3 Bxf3 31. Qxf3
Ra6 32. Re3 b4 33. cxb4 Rc6 34. Re1 Rc4 35. Qf4 Rxb4 36. Rf1 Rb2 37. Qf3 Rb6
38. Qf4 Qh7 39. Qf3 Qg6 40. Bf2 c6 41. Kg2 f5 42. Bh4 Rb2+ 43. Kg3 f4+ 44. Kh3
Qh7 45. Qa3 Rd2 46. Qxf8+ Kxf8 47. Rxf4+ Ke8 48. g5 Qh5 49. e6 Qe2 50. Bg3 g6
51. a3 Qg2+ 52. Kh4 Qh1+ 53. Bh2 Rxh2+ {White could have resigned 30 moves
previously.} 0-1

[Event "Regency Masters 3rd"]
[Site "Ramsgate"]
[Date "1981.12.11"]
[Round "7.4"]
[White "Law, Andrew P"]
[Black "King, Daniel J"]
[Result "0-1"]
[WhiteElo "2380"]
[BlackElo "2320"]
[PlyCount "48"]
[EventDate "1981.12.05"]
[EventType "swiss"]
[EventRounds "9"]
[EventCountry "ENG"]
[SourceVersionDate "2021.08.26"]

1. Nf3 c5 2. c4 Nf6 3. Nc3 g6 4. e4 Nc6 5. d4 cxd4 6. Nxd4 Bg7 7. Be3 O-O 8.
Be2 b6 9. O-O Bb7 10. Rc1 $6 (10. f3) 10... Nxd4 11. Bxd4 Bh6 $1 $15 12. e5
Bxc1 13. Qxc1 Ne8 14. Qh6 Ng7 15. Bg4 Ne6 16. Rd1 Nxd4 17. Rxd4 Qc7 $1 $17 18.
Qg5 (18. Qe3 d6 $17) 18... f6 19. exf6 exf6 20. Qd2 (20. Nd5 fxg5 21. Nxc7 Rac8
22. Rxd7 Rcd8 $19) 20... Rad8 21. Bxd7 Kg7 22. h4 $2 (22. Nb5 $5 Qe5 23. f4 Qb8
$1 $19 (23... Qe7 $2 24. Nc7 $1)) 22... Qe5 23. Ne2 Rf7 24. Nf4 Re7 0-1

[Event "Regency Masters 3rd"]
[Site "Ramsgate"]
[Date "1981.12.11"]
[Round "7.5"]
[White "Hartoch, Robert G"]
[Black "Cummings, David H"]
[Result "1-0"]
[WhiteElo "2390"]
[BlackElo "2310"]
[PlyCount "89"]
[EventDate "1981.12.05"]
[EventType "swiss"]
[EventRounds "9"]
[EventCountry "ENG"]
[SourceVersionDate "2021.08.26"]

1. e4 c5 2. f4 e6 3. Nf3 a6 4. Nc3 d5 5. g3 Nf6 6. e5 Nfd7 7. Bg2 Nc6 8. d3 Be7
9. O-O O-O 10. Qe2 Qc7 11. Nd1 b5 12. h4 Nd4 13. Nxd4 cxd4 14. b3 f5 15. exf6
Nxf6 16. Bb2 Bc5 17. Nf2 Bd7 18. a3 Rae8 19. b4 Bd6 20. Bxd4 e5 $44 21. fxe5
Bxe5 22. Bxe5 Rxe5 23. Qd2 Rfe8 24. Rae1 Rxe1 25. Rxe1 Qxg3 $2 (25... Rxe1+
$142 26. Qxe1 Qxg3 27. Qe7 h5 $11) 26. Rxe8+ Bxe8 27. Qg5 $1 $14 Qd6 28. Ng4
Nxg4 29. Qxg4 Kf8 30. Qd4 Bf7 31. c4 bxc4 $2 (31... Qg3 $1 32. cxd5 Ke7 33. Kf1
h6 34. Qe4+ Kd8 $14) 32. dxc4 Qf6 $2 33. Qxf6 gxf6 34. cxd5 $18 Be8 35. Be4 (
35. Bf1 Bb5 36. Bxb5 axb5 37. Kf2 Ke7 38. Ke3 Kd6 (38... f5 39. Kf4 Kf6 40. h5
h6 41. d6 $18) 39. Ke4 $1 $18) 35... h6 36. Kf2 Ke7 37. Ke3 Kd6 38. Kd4 Bd7 39.
Bd3 Bc8 40. a4 Bb7 41. a5 Bc8 42. b5 axb5 43. Bxb5 Bb7 44. a6 Bxd5 45. Bd3 1-0

[Event "Regency Masters 3rd"]
[Site "Ramsgate"]
[Date "1981.12.11"]
[Round "7.6"]
[White "Hodgson, Julian M"]
[Black "Leverett, Bruce W"]
[Result "1-0"]
[WhiteElo "2370"]
[BlackElo "2245"]
[PlyCount "59"]
[EventDate "1981.12.05"]
[EventType "swiss"]
[EventRounds "9"]
[EventCountry "ENG"]
[SourceVersionDate "2021.08.26"]

1. e4 e6 2. d4 d5 3. Nc3 Nf6 4. Bg5 Be7 5. Bxf6 Bxf6 6. Nf3 O-O 7. Bd3 dxe4 8.
Nxe4 Nd7 (8... Bxd4 $5 9. Neg5 g6 10. Nxh7 Bxf2+ (10... Kxh7 11. Nxd4 Kg7 $11)
11. Kxf2 Kxh7 12. h4 $14) 9. O-O b6 10. c3 Bb7 11. Re1 Be7 12. Qc2 h6 13. Rad1
c6 14. Ne5 Qc7 15. Ng3 Rad8 16. Qe2 c5 17. Nxd7 (17. Ng6 $5) 17... Rxd7 18. Qg4
Kh8 $2 (18... Bg5 $5) (18... Rd5 $5) 19. Rxe6 fxe6 $4 (19... g6 $1 $13 20. Bxg6
(20. Rxg6 fxg6 21. Qxg6 Bg5 $19) (20. Qh3 Bg5 $11) (20. Re2 cxd4 21. Bb5 Rdd8
22. Rxd4 Qc5 $11) 20... fxe6 21. Qxe6 Bg5 $19) 20. Qg6 $18 Kg8 21. Qh7+ Kf7 22.
Bg6+ Kf6 23. Nh5+ Kg5 24. Nxg7 (24. Bc2 Rf6 25. Nxf6 $18) 24... Qc6 25. h4+ Kg4
26. Bh5+ Kxh4 27. g3+ Kh3 28. Bg4+ Kxg4 29. Qg6+ Kf3 30. Qh5+ (30. Qh5+ Ke4 31.
Re1+ Kd3 32. Qe2#) 1-0